| 000 | 00750nam a22002657a 4500 | ||
|---|---|---|---|
| 008 | 130514b xxu||||| |||| 00| 0 eng d | ||
| 020 | _a81-250-1716-X | ||
| 024 | _cAvailable | ||
| 037 | _cAvailable | ||
| 040 |
_aMBSTU LIBRARY _dMBSTU LIBRARY |
||
| 082 |
_222 _a421.08 BHC |
||
| 100 | _aBhatnagar, R.P. | ||
| 110 | _aBell, R.T. | ||
| 245 | _aCommunication in english. | ||
| 260 |
_aIndia _bOrient Longman Private Ltd. _c1999 |
||
| 300 |
_a22 cm. _b265 page _f1 _g22 cm. |
||
| 600 | _aHistory of standard english. | ||
| 650 | _2History of standard english. | ||
| 700 | _aBhatnagar, R.P. | ||
| 710 | _aBell, R.T. | ||
| 270 |
_aIndia _bIndia _dIndia |
||
| 365 |
_b156.80 _d156.80 |
||
| 942 |
_2ddc _cBK |
||
| 999 |
_c395 _d395 |
||